Anguilas y angulas (Record no. 118348)

MARC details
000 -LEADER
campo de control de longitud fija 00612nam a2200181 4500
001 - NÚMERO DE CONTROL
campo de control 118348
003 - IDENTIFICADOR DE NÚMERO DE CONTROL
campo de control ES-MaACL
005 - FECHA Y HORA DE LA ÚLTIMA TRANSACCIÓN
campo de control 20251013180847.0
007 - CAMPO FIJO DE DESCRIPCIÓN FÍSICA--INFORMACIÓN GENERAL
campo de control de longitud fija t|
008 - DATOS DE LONGITUD FIJA--INFORMACIÓN GENERAL
campo de control de longitud fija 070214s1913 sp r ||||1| spa d
100 1# - ENTRADA PRINCIPAL--NOMBRE DE PERSONA
Nombre de persona Pardo y Puzo, Angel.
9 (RLIN) 89018
245 10 - MENCIÓN DEL TÍTULO
Título Anguilas y angulas
Resto del título : con 13 grabados y 4 láminas /
Mención de responsabilidad, etc. Angel Pardo y Puzo ; carta-prólogo de Adolfo Navarrete.
260 ## - PUBLICACIÓN, DISTRIBUCIÓN, ETC.
Lugar de publicación, distribución, etc. Madrid :
Nombre del editor, distribuidor, etc. [s. n.],
Fecha de publicación, distribución, etc. 1913 (
Fabricante Artes Gráficas `Mateo`)
300 ## - DESCRIPCIÓN FÍSICA
Extensión 83 p. :
Otras características físicas il. ;
Dimensiones 19 cm.
700 1# - ENTRADA AGREGADA--NOMBRE PERSONAL
Nombre de persona Navarrete y Alcázar, Adolfo,
Fechas asociadas al nombre 1861-1925
9 (RLIN) 85044
852 ## - LOCALIZACIÓN
Ubicación ES-MaACL
Número de control de estantería T-1343-F-5
Holdings
Estatus retirado Estado de pérdida Estado de daño No para préstamo Colección Biblioteca de origen Biblioteca actual Ubicación en estantería Fecha de adquisición Fuente de adquisición Total de préstamos Signatura topográfica completa Código de barras Visto por última vez Precio de reemplazo Tipo de ítem Koha
        Colección de folletos Biblioteca del Ateneo de Madrid Biblioteca del Ateneo de Madrid Depósito folletos 17/01/2008     T-1343-F-5 1123378 23/02/2023 23/02/2023 Folleto